UBT Library

Thermodynamic properties of steam, (Record no. 42619)

000 -LEADER
fixed length control field 00662cam a22002291 4500
001 - CONTROL NUMBER
control field 6897406
005 - DATE AND TIME OF LATEST TRANSACTION
control field 20180215045228.0
008 - FIXED-LENGTH DATA ELEMENTS--GENERAL INFORMATION
fixed length control field 761201s1936 enk b 000 0 eng
010 ## - LIBRARY OF CONGRESS CONTROL NUMBER
LC control number 36035374
035 ## - SYSTEM CONTROL NUMBER
System control number (OCoLC)2589186
040 ## - CATALOGING SOURCE
Original cataloging agency DLC
Transcribing agency NAlfC
Modifying agency DLC
041 ## - LANGUAGE CODE
Language code of text/sound track or separate title eng
042 ## - AUTHENTICATION CODE
Authentication code premarc
080 ## - UNIVERSAL DECIMAL CLASSIFICATION NUMBER
Universal Decimal Classification number 621.101 KEE
082 ## - DEWEY DECIMAL CLASSIFICATION NUMBER
Classification number 621.101 KEE
100 1# - Rafti
Rafti 27
101 ## - Shkurtesa
Shkurtesa IM
245 10 - TITLE STATEMENT
Title Thermodynamic properties of steam,
Statement of responsibility, etc by Joesph H. Keenan ... and Frederick G. Keyes ...
504 ## - BIBLIOGRAPHY, ETC. NOTE
Bibliography, etc Bibliography: p. 25-26.
906 ## - LOCAL DATA ELEMENT F, LDF (RLIN)
a 7
b cbc
c oclcrpl
d u
e ncip
f 19
g y-gencatlg
942 ## - ADDED ENTRY ELEMENTS (KOHA)
Source of classification or shelving scheme
Item type Books
Holdings
Withdrawn status Lost status Source of classification or shelving scheme Damaged status Not for loan Collection code Permanent location Current location Shelving location Date acquired Total Checkouts Full call number Barcode Date last seen Price effective from Koha item type
          Koleksioni i përgjithshem UBT - Lipjan UBT - Lipjan Koleksioni i përgjithshem 02/15/2018   621.101 KEE 002-2997406 02/15/2018 02/15/2018 Books
UBT Library © 2015-2024. All rights reserved University Education for Business and Technology